| 000 | 00471nam a2200157 i 4500 | ||
|---|---|---|---|
| 001 | 45995 | ||
| 003 | ES-MaACL | ||
| 005 | 20230906161319.0 | ||
| 007 | t| | ||
| 008 | 030327s1933 sp ||||1| spa d | ||
| 100 | 1 |
_aConde López, Manuel. _940125 |
|
| 245 | 1 | 0 |
_aContribución al tratamiento de la sarna en el ejército / _cpor Manuel Conde López. |
| 260 |
_aMadrid : _b[s.n.], _c1933 ( _fGráfica Literaria) |
||
| 300 |
_a20 p. ; _c19 cm. |
||
| 852 |
_aES-MaACL _j1786-F-8 |
||
| 999 |
_c45995 _d45995 |
||